000 00492nam a2200181Ia 4500
005 20250423100338.0
008 250422s9999 xx 000 0 und d
020 _a9780760696
050 _aKP 84.5 .Y2/
100 _aYakubu, Nda
245 0 _aNigerian laws on taxation 2007 : nigerian laws on public finance volume V
260 _aAbuja
260 _bNigerian Laws on Public Finance
260 _c2007
300 _a413 p
650 _aLaws -- Public Finance--taxation
942 _cBK
999 _c33028
_d33028